000
00207nam a22000857a 4500
008
170616b xxu||||| |||| 00| 0 eng d
100
_9
3440
_a
Kundu. A
245
_a
Animal World
260
_a
New Delhi
_b
N. B. T
_c
2009
999
_c
6815
_d
6815